Estadísticas para Pasapalabro

Haz click aquí para intentar la prueba.

Estadísticas generales

  • Esta prueba ha sido intentada 63 veces
  • La puntuación promedio es 7 de 25

Estadísticas de respuestas

INICIALDEFINICIÓN"PALABRO"% Correcto
GPronunciación errónea de testículos.güevos
71%
NQue ha quedado perfecto.niquelao
71%
ILola Flores pidiendo a la gente que se vaya.irse
51%
UEl que tiene mucho pelo en el entrecejo.unicejo
49%
ADe esta manera, pero en vulgar.asín
47%
PAbarrotado, lleno a reventar.petao
44%
EDespistado, que no se entera de nada.empanao
42%
JCantidad muy grande, mucho en Andalucía.jartá
42%
contiene la ÑExcremento, cosa mal hecha o de poco valor.truño
38%
LBorjamari despidiéndose de su compi: "Hasta ..."luegui
36%
H3ª persona singular presente subjuntivo de haber.haiga
31%
ZBofetada dialéctica.zasca
31%
CEl que mete prisa a los demás.cagaprisas
27%
YSopapo, bofetada.yoya
27%
contiene la XTipo de dieta depurativa.détox
22%
VAntiguo, desfasado.viejuno
16%
FPiradillo, personaje singular.flipao
13%
OEntendido, de acuerdo.okis
13%
RExtraño.raruno
13%
BPersona que da la lata, pelmazo.brasas
11%
MImbécil, que hace tonterías.mongolo
9%
SChulo, prepotente, presumido en exceso.sobrao
9%
QQuiero decir en "madrileño".quicir
7%
DParte del intestino delgado de Chiquito de la Calzada.diodeno
4%
THacer comentarios provocativos con mala intención.trolear
2%

Distribución de puntuación

Porcentaje por número respondido

Porcentaje de gente con cada puntuación

Historial de tus puntuaciones

No has intentado esta prueba.